[Event "18th 4NCL Congress"]
[Site "Doncaster"]
[Date "2018.04.14"]
[Round "2"]
[Board "14"]
[White "Riding, Mick D"]
[Black "Dunkley, Michael"]
[Result "1-0"]
[WhiteElo "1866"]
[BlackElo "1713"]
[PlyCount "115"]
[EventDate "2018.04.13"]
[EventRounds "5"]
[EventCountry "ENG"]

1. e4 e6 2. d4 d5 3. Nc3 Bb4 4. exd5 exd5 5. Bd3 Ne7 6. Qh5 Be6 7. Nge2 Qd7 8.
O-O Nbc6 9. a3 Bxc3 10. bxc3 Bf5 11. Ng3 Bxd3 12. cxd3 O-O 13. Bg5 f6 14. Bd2
Qe8 15. Qf3 Qd7 16. Rae1 Rae8 17. h4 Nd8 18. h5 Kh8 19. h6 g6 20. c4 Ndc6 21.
Bc3 Kg8 22. Ne2 Qf5 23. Nf4 g5 24. Ne6 Qxf3 25. gxf3 Rf7 26. Nxc7 Rd8 27. cxd5
Nxd5 28. Nxd5 Rxd5 29. Re8+ Rf8 30. Rfe1 Kf7 31. Rxf8+ Kxf8 32. f4 Nxd4 33.
Bb4+ Kf7 34. Re7+ Kg6 35. Rxb7 Kxh6 36. Rxa7 Nf3+ 37. Kf1 g4 38. Ke2 Kg6 39. a4
h5 40. Ra5 Rd8 41. f5+ Kf7 42. Ra7+ Kg8 43. Be7 Re8 44. Kf1 h4 45. Kg2 h3+ 46.
Kg3 h2 47. Kg2 Rb8 48. Bd6 Rb2 49. Bxh2 Nxh2 50. Kxh2 Rxf2+ 51. Kg3 Rxf5 52.
Kxg4 Rd5 53. a5 Kf8 54. a6 Rxd3 55. Ra8+ Ke7 56. a7 Ra3 57. Rh8 Ra4+ 58. Kf3
 1-0

[Event "18th 4NCL Congress"]
[Site "Doncaster"]
[Date "2018.04.14"]
[Round "2"]
[Board "15"]
[White "Wilson, Kevin J"]
[Black "Catt, Peter"]
[Result "1-0"]
[WhiteElo "1848"]
[BlackElo "1710"]
[PlyCount "67"]
[EventDate "2018.04.13"]
[EventRounds "5"]
[EventCountry "ENG"]

1. d4 Nf6 2. Bf4 c5 3. e3 Qb6 4. Nc3 d6 5. Nf3 g6 6. Rb1 Bg7 7. h3 O-O 8. Bc4
Qb4 9. Nd2 cxd4 10. exd4 Nc6 11. d5 Ne5 12. a3 Qa5 13. Nb3 Qc7 14. Be2 a6 15.
O-O Nc4 16. Bc1 Nxa3 17. Ra1 Nc4 18. Nb5 Qb8 19. Bxc4 axb5 20. Rxa8 Qxa8 21.
Bxb5 Bf5 22. Nd4 Bd7 23. c4 Bxb5 24. Nxb5 Rc8 25. b3 Ne8 26. Re1 Kf8 27. Bg5
Bf6 28. Qd2 Kg7 29. Bxf6+ exf6 30. Qf4 Qa6 31. Qd4 Nc7 32. Nxc7 Rxc7 33. Ra1
Rxc4 34. bxc4 1-0

[Event "18th 4NCL Congress"]
[Site "Doncaster"]
[Date "2018.04.14"]
[Round "2"]
[Board "16"]
[White "Mahoney, Nicholas"]
[Black "Bagley, Andy J"]
[Result "0-1"]
[WhiteElo "1707"]
[BlackElo "1877"]
[PlyCount "64"]
[EventDate "2018.04.13"]
[EventRounds "5"]
[EventCountry "ENG"]

1. d4 e6 2. c4 d5 3. Nc3 c6 4. e4 Bb4 5. e5 c5 6. dxc5 d4 7. a3 Ba5 8. b4 dxc3
9. Qg4 Ne7 10. Bg5 Bc7 11. Rd1 Bd7 12. Nf3 Nbc6 13. Qe4 h6 14. Be3 Ng6 15. Rd6
Bxd6 16. cxd6 f5 17. exf6 Qxf6 18. Bd3 Qf5 19. O-O Qxe4 20. Bxe4 Kf7 21. Rc1
Rac8 22. Rxc3 b6 23. h3 Nce5 24. Nd2 Bc6 25. Bxc6 Rxc6 26. c5 Rhc8 27. Ne4 Nd7
28. b5 Rxc5 29. Bxc5 bxc5 30. Kf1 Ngf8 31. Ke2 Nh7 32. f4 Nhf6 0-1

[Event "18th 4NCL Congress"]
[Site "Doncaster"]
[Date "2018.04.14"]
[Round "2"]
[Board "17"]
[White "Ross, Stuart"]
[Black "Potter, Steven"]
[Result "0-1"]
[WhiteElo "1605"]
[BlackElo "1809"]
[PlyCount "144"]
[EventDate "2018.04.13"]
[EventRounds "5"]
[EventCountry "ENG"]

1. e4 b6 2. d4 Bb7 3. Bd3 e6 4. Nf3 c5 5. c3 Nf6 6. Qe2 Be7 7. O-O Nc6 8. a3
Na5 9. Nbd2 c4 10. Bc2 Qc7 11. Ne5 b5 12. Ng4 Nxg4 13. Qxg4 O-O 14. Re1 e5 15.
dxe5 Qxe5 16. Nf3 Qe6 17. Qxe6 dxe6 18. Nd4 a6 19. e5 Nc6 20. Be4 Nxd4 21. Bxb7
Rab8 22. Be4 Nb3 23. Rb1 Rfd8 24. Be3 Bc5 25. Bxc5 Nxc5 26. Kf1 Rd2 27. Bf3 Nd3
28. Re2 Rxe2 29. Kxe2 Nxe5 30. Rd1 Nxf3 31. Kxf3 Kf8 32. Rd6 a5 33. Ra6 a4 34.
Ra7 Rd8 35. Ke2 g6 36. h4 h5 37. g3 Ke8 38. Rb7 Rd5 39. Ke1 Kf8 40. Ke2 Kg7 41.
Ke1 Kf6 42. Ke2 g5 43. hxg5+ Rxg5 44. Ke1 Rd5 45. Ke2 Kg6 46. Ke3 f6 47. Rb6
Kf5 48. Ke2 e5 49. Ra6 Kg5 50. Rb6 f5 51. Rb8 f4 52. Rg8+ Kf6 53. gxf4 exf4 54.
Rf8+ Ke5 55. Re8+ Kd6 56. Rf8 h4 57. Rxf4 Rh5 58. Rd4+ Ke6 59. Rd1 h3 60. Rh1
Ke5 61. Kf3 Rh8 62. Rh2 Kf5 63. Kg3 Ke4 64. f3+ Ke3 65. Rc2 h2 66. Rxh2 Rxh2
67. Kxh2 Kxf3 68. Kg1 Ke2 69. Kg2 Kd2 70. Kf2 Kc2 71. Ke2 Kxb2 72. Kd2 Kb3 0-1

[Event "18th 4NCL Congress"]
[Site "Doncaster"]
[Date "2018.04.14"]
[Round "2"]
[Board "18"]
[White "Oliver, Bruce R"]
[Black "Taylor, Robert P"]
[Result "1/2-1/2"]
[WhiteElo "1584"]
[BlackElo "1787"]
[PlyCount "85"]
[EventDate "2018.04.13"]
[EventRounds "5"]
[EventCountry "ENG"]

1. d4 Nc6 2. Nf3 d5 3. c4 e6 4. Nc3 Nf6 5. Bg5 Be7 6. e3 O-O 7. a3 h6 8. Bh4
Nh7 9. Bg3 a6 10. Bd3 Nf6 11. Bh4 dxc4 12. Bxc4 Nd5 13. Bxe7 Ncxe7 14. O-O Nxc3
15. bxc3 Nd5 16. Qc2 b5 17. Bd3 Nf6 18. Ne5 Bb7 19. Rab1 Qd6 20. a4 c6 21. f4
Rac8 22. f5 Rc7 23. fxe6 Qxe6 24. Bf5 Qd6 25. e4 c5 26. Nf3 cxd4 27. e5 Qb6 28.
exf6 dxc3+ 29. Qf2 Qxf6 30. Qg3 Qb6+ 31. Rf2 Bc8 32. Bc2 Be6 33. axb5 axb5 34.
Rxb5 Qxb5 35. Qxc7 Rc8 36. Qf4 Ra8 37. Nd4 Qb6 38. h3 Bd5 39. Nf5 Be6 40. Kh2
Ra1 41. Ne7+ Kf8 42. Ng6+ Kg8 43. Ne7+ 1/2-1/2

[Event "18th 4NCL Congress"]
[Site "Doncaster"]
[Date "2018.04.14"]
[Round "3"]
[Board "1"]
[White "Nandi, Robin J"]
[Black "Bennett, Dominic L"]
[Result "1-0"]
[WhiteElo "1827"]
[BlackElo "1993"]
[PlyCount "115"]
[EventDate "2018.04.13"]
[EventRounds "5"]
[EventCountry "ENG"]

1. d4 e6 2. e4 c5 3. Nf3 cxd4 4. Nxd4 Qb6 5. Nc3 Nf6 6. Nb3 Bb4 7. Bd2 Nc6 8.
Bd3 Ne5 9. O-O Nxd3 10. cxd3 Qd8 11. Re1 h6 12. Rc1 Bxc3 13. Bxc3 d6 14. Na5 d5
15. Bb4 h5 16. h3 h4 17. Qc2 Nh5 18. Qc7 b6 19. Nb7 Qxc7 20. Rxc7 Bxb7 21. Re7+
Kf8 22. Rxb7+ Kg8 23. exd5 Nf4 24. dxe6 Nxe6 25. d4 Rh5 26. Re5 Rh6 27. d5 Nc5
28. Bxc5 bxc5 29. Ree7 Rd8 30. Rxa7 Rxd5 31. Rxf7 Rg6 32. Rf4 Rd1+ 33. Kh2 Rd4
34. Rxd4 cxd4 35. Rd7 Rb6 36. b3 Ra6 37. a4 Rb6 38. Rxd4 Rxb3 39. Rxh4 Rb2 40.
Kg3 Ra2 41. Rd4 Kf7 42. h4 Kg6 43. f3 Kh5 44. Rd5+ Kh6 45. a5 Ra4 46. f4 Ra2
47. Kh3 g6 48. g3 Ra4 49. Kg4 Ra3 50. h5 Ra4 51. hxg6 Kxg6 52. Rd6+ Kh7 53. a6
Ra5 54. f5 Re5 55. Kg5 Ra5 56. Rd7+ Kh8 57. a7 Rxa7 58. Rxa7 1-0

[Event "18th 4NCL Congress"]
[Site "Doncaster"]
[Date "2018.04.14"]
[Round "3"]
[Board "2"]
[White "Cawston, M John"]
[Black "Burrows, Nick"]
[Result "1/2-1/2"]
[WhiteElo "1864"]
[BlackElo "1932"]
[PlyCount "115"]
[EventDate "2018.04.13"]
[EventRounds "5"]
[EventCountry "ENG"]

1. Nf3 d5 2. d4 Nf6 3. c4 c6 4. Qc2 dxc4 5. Qxc4 Bg4 6. Nc3 Nbd7 7. e4 e6 8.
Be2 Be7 9. O-O O-O 10. Be3 Rc8 11. Rfd1 Qc7 12. Rac1 Qb8 13. Qd3 Rfd8 14. e5
Bxf3 15. exf6 Bxe2 16. Nxe2 Nxf6 17. Qc4 Nd5 18. Bd2 Rd7 19. b4 Rcd8 20. b5
cxb5 21. Qxb5 Bf6 22. Rb1 b6 23. Qb3 h6 24. Rdc1 Qb7 25. a4 Qa6 26. Qb5 Nc7 27.
Qxa6 Nxa6 28. a5 Bxd4 29. Nxd4 Rxd4 30. Be3 Rb4 31. Rxb4 Nxb4 32. axb6 axb6 33.
Bxb6 Rb8 34. Be3 Nd5 35. Bd4 Rb4 36. Bc5 Rb2 37. g3 Kh7 38. h4 h5 39. Kg2 Nf6
40. Bd4 Ra2 41. Rc5 Nd5 42. Rc1 Rd2 43. Ba7 Kg6 44. Rc4 Nf6 45. Be3 Ra2 46. Bb6
Ng4 47. Rb4 e5 48. Rb3 e4 49. Bd4 Rd2 50. Ba7 Ne5 51. Be3 Rd3 52. Rb6+ f6 53.
Rb4 Kf5 54. Rb5 Kg6 55. Rb4 Kf5 56. Rb5 Kg6 57. Rb4 Kf5 58. Rb5 1/2-1/2

[Event "18th 4NCL Congress"]
[Site "Doncaster"]
[Date "2018.04.14"]
[Round "3"]
[Board "3"]
[White "Turner, Tim M"]
[Black "Winter, Kevin"]
[Result "1/2-1/2"]
[WhiteElo "1915"]
[BlackElo "1773"]
[PlyCount "30"]
[EventDate "2018.04.13"]
[EventRounds "5"]
[EventCountry "ENG"]

1. Nf3 e6 2. e4 b6 3. d4 Bb7 4. Bd3 Bb4+ 5. c3 Be7 6. O-O d5 7. exd5 Qxd5 8.
Re1 Nf6 9. Nbd2 Nbd7 10. Ne4 Qh5 11. Bf4 Bxe4 12. Bxe4 Nxe4 13. Rxe4 Qf5 14.
Qe2 Nf6 15. Re1 Nxe4 1/2-1/2

[Event "18th 4NCL Congress"]
[Site "Doncaster"]
[Date "2018.04.14"]
[Round "3"]
[Board "4"]
[White "Ashcroft, Graham J"]
[Black "Livesey, R  Nigel"]
[Result "1-0"]
[WhiteElo "1885"]
[BlackElo "1748"]
[PlyCount "83"]
[EventDate "2018.04.13"]
[EventRounds "5"]
[EventCountry "ENG"]

1. c4 e6 2. Nf3 d5 3. b3 Nf6 4. Bb2 c6 5. g3 Nbd7 6. Bg2 Be7 7. O-O O-O 8. d3
b6 9. Nbd2 Bb7 10. Rc1 c5 11. cxd5 exd5 12. d4 Rc8 13. Re1 Re8 14. dxc5 bxc5
15. Ne5 Nxe5 16. Bxe5 Bd6 17. Bxd6 Qxd6 18. e3 Qb6 19. Qc2 Re7 20. Qf5 Rf8 21.
Rc3 Bc8 22. Qf4 Bb7 23. Rec1 Rc8 24. Qf5 Rcc7 25. Qf4 Ba6 26. Bf1 Bxf1 27. Kxf1
Re8 28. Qf5 Rec8 29. Nf3 Qb5+ 30. Kg1 Qd7 31. Qf4 Qg4 32. Qxg4 Nxg4 33. Kg2 f6
34. Nd4 Ne5 35. Nb5 Rd7 36. Rxc5 Rcd8 37. Rc8 a6 38. Rxd8+ Rxd8 39. Nd4 Nd3 40.
Rc7 Ne5 41. Rxg7+ Kh8 42. Ra7 1-0

[Event "18th 4NCL Congress"]
[Site "Doncaster"]
[Date "2018.04.14"]
[Round "3"]
[Board "5"]
[White "Jacob, Sydney J"]
[Black "Pink, Joshua"]
[Result "1/2-1/2"]
[WhiteElo "1841"]
[BlackElo "1881"]
[PlyCount "49"]
[EventDate "2018.04.13"]
[EventRounds "5"]
[EventCountry "ENG"]

1. d4 Nf6 2. c4 c5 3. d5 e6 4. Nc3 exd5 5. cxd5 d6 6. e4 g6 7. f3 Bg7 8. Be3
O-O 9. Qd2 Re8 10. Nge2 Na6 11. Nc1 Nc7 12. Be2 a6 13. a4 Bd7 14. a5 Nb5 15.
Nb3 Nxc3 16. bxc3 Bb5 17. c4 Bd7 18. O-O Qe7 19. Ra2 Rab8 20. Bh6 Bh8 21. Qg5
b5 22. axb6 Rxb6 23. Nd2 Qe5 24. Qxe5 Rxe5 25. Rb1 1/2-1/2

[Event "18th 4NCL Congress"]
[Site "Doncaster"]
[Date "2018.04.14"]
[Round "3"]
[Board "6"]
[White "Clarke, Paul Rh"]
[Black "Hilton, Tim"]
[Result "0-1"]
[WhiteElo "1731"]
[BlackElo "1867"]
[PlyCount "72"]
[EventDate "2018.04.13"]
[EventRounds "5"]
[EventCountry "ENG"]

1. d4 Nf6 2. Bf4 g6 3. e3 Bg7 4. Nf3 c5 5. c3 cxd4 6. exd4 O-O 7. Be2 d6 8. O-O
b6 9. Re1 Bb7 10. Nbd2 Nbd7 11. Bd3 Re8 12. Qb3 e5 13. dxe5 dxe5 14. Bxe5 Nc5
15. Bxf6 Qxd3 16. Qb4 Bxf6 17. Qf4 Bg7 18. h3 Qd7 19. Red1 Ne6 20. Qc4 Qc7 21.
Qxc7 Nxc7 22. Ne1 Rad8 23. Ndf3 Ba6 24. Rac1 Bh6 25. Rb1 Be2 26. Rxd8 Rxd8 27.
Nd4 Ba6 28. Nc6 Ra8 29. Rd1 Bb5 30. Ne5 Bg7 31. N5f3 Bf6 32. Nc2 Ne6 33. Ne3
Be2 34. Re1 Bxf3 35. gxf3 Rd8 36. Re2 Nf4 0-1

[Event "18th 4NCL Congress"]
[Site "Doncaster"]
[Date "2018.04.14"]
[Round "3"]
[Board "7"]
[White "Walshaw, David"]
[Black "Riding, Mick D"]
[Result "0-1"]
[WhiteElo "1685"]
[BlackElo "1866"]
[PlyCount "62"]
[EventDate "2018.04.13"]
[EventRounds "5"]
[EventCountry "ENG"]

1. e4 c5 2. Nf3 g6 3. d4 cxd4 4. Nxd4 Nc6 5. c4 Bg7 6. Be3 Nf6 7. Nc3 d6 8. Be2
O-O 9. Qd2 Qa5 10. Nb3 Qc7 11. Rc1 Be6 12. Nd5 Qb8 13. f3 Bxd5 14. cxd5 Ne5 15.
O-O Rc8 16. Bg5 Rxc1 17. Rxc1 Qd8 18. Bxf6 Bxf6 19. f4 Nd7 20. Bg4 Rc8 21. Kh1
b6 22. Rc2 Rxc2 23. Qxc2 Nc5 24. Nd2 b5 25. b4 Na4 26. Qc6 Qb6 27. Nf3 Qe3 28.
Qe8+ Kg7 29. e5 dxe5 30. fxe5 Bxe5 31. Qxe7 Qc1+ 0-1

[Event "18th 4NCL Congress"]
[Site "Doncaster"]
[Date "2018.04.14"]
[Round "3"]
[Board "8"]
[White "Heald, Carl"]
[Black "Ter-Gevorkian, Aram"]
[Result "1-0"]
[WhiteElo "1833"]
[BlackElo "1941"]
[PlyCount "139"]
[EventDate "2018.04.13"]
[EventRounds "5"]
[EventCountry "ENG"]

1. Nf3 d5 2. g3 Bg4 3. Bg2 Bxf3 4. Bxf3 c6 5. d4 Nf6 6. O-O Nbd7 7. Nd2 e5 8.
e4 dxe4 9. Nxe4 Nxe4 10. Bxe4 Nf6 11. Re1 Be7 12. Bg2 exd4 13. Qe2 Kf8 14. Bd2
h5 15. h4 Ng4 16. Rad1 Bc5 17. Qc4 Qb6 18. b4 Bd6 19. Qd3 Bxb4 20. Bxb4+ Qxb4
21. Qxd4 Qxd4 22. Rxd4 Rh6 23. Rd7 Rf6 24. f3 Re8 25. Rxe8+ Kxe8 26. Rxb7 Ne5
27. f4 Ng4 28. Bf3 Rd6 29. Rxa7 Ne3 30. Bxh5 g6 31. Bf3 Nxc2 32. Rc7 Nd4 33.
Kf2 f5 34. Bg2 Kd8 35. Ra7 Nc2 36. Ke2 Nd4+ 37. Kf2 Nc2 38. Ke2 Nd4+ 39. Kf2
Nb5 40. Ra6 Kc7 41. Ra4 Rd2+ 42. Kf1 Kb6 43. Rc4 c5 44. a4 Nd4 45. Ba8 Nc2 46.
Rc3 c4 47. Bd5 Kc5 48. Bf7 Kd4 49. Rxc4+ Kd3 50. Rc8 Ne3+ 51. Kg1 Rd1+ 52. Kh2
Rd2+ 53. Kg1 Rg2+ 54. Kh1 Rxg3 55. Rc6 Ke2 56. Rxg6 Ng4 57. Rb6 Ra3 58. Rb2+
Kf3 59. Rb3+ Rxb3 60. Bxb3 Kxf4 61. a5 Ne5 62. a6 Nc6 63. Bd5 Na7 64. h5 Kg5
65. Bf3 Kh6 66. Kg2 Kg5 67. Kf2 Nc8 68. Ke3 Na7 69. Kd4 Nc8 70. Kc5 1-0

[Event "18th 4NCL Congress"]
[Site "Doncaster"]
[Date "2018.04.14"]
[Round "3"]
[Board "9"]
[White "Robinson, Brian"]
[Black "Ross, Stuart"]
[Result "1/2-1/2"]
[WhiteElo "1597"]
[BlackElo "1605"]
[PlyCount "73"]
[EventDate "2018.04.13"]
[EventRounds "5"]
[EventCountry "ENG"]

1. d4 Nf6 2. Nf3 e6 3. e3 c5 4. Bd3 Nc6 5. O-O d5 6. c3 Be7 7. Nbd2 b6 8. e4
dxe4 9. Nxe4 cxd4 10. cxd4 h6 11. Bb5 Bd7 12. Nxf6+ Bxf6 13. d5 Na5 14. Bxd7+
Qxd7 15. dxe6 fxe6 16. Qe2 O-O 17. Ne5 Bxe5 18. Qxe5 Rf5 19. Qe2 Raf8 20. b3
Nc6 21. Bb2 Qf7 22. Rae1 e5 23. Rd1 e4 24. Ba3 Re8 25. Bc1 Ne5 26. Rde1 Qg6 27.
Kh1 Nd3 28. Rd1 Ref8 29. Be3 Qf6 30. Kg1 Nf4 31. Bxf4 Rxf4 32. Rde1 Re8 33. Qe3
Re7 34. Kh1 Rf7 35. Kg1 Re7 36. Kh1 Rf7 37. Kg1 1/2-1/2

[Event "18th 4NCL Congress"]
[Site "Doncaster"]
[Date "2018.04.14"]
[Round "3"]
[Board "10"]
[White "Cohen, Gerald M"]
[Black "May, Paul"]
[Result "1/2-1/2"]
[WhiteElo "1941"]
[BlackElo "1766"]
[PlyCount "94"]
[EventDate "2018.04.13"]
[EventRounds "5"]
[EventCountry "ENG"]

1. d4 g6 2. Bf4 Bg7 3. e3 c5 4. c3 Qb6 5. Na3 cxd4 6. exd4 Nc6 7. Nc4 Qd8 8. d5
Na5 9. Nf3 Nxc4 10. Bxc4 d6 11. Bb5+ Bd7 12. Qe2 Bxb5 13. Qxb5+ Qd7 14. Qd3 Nf6
15. O-O O-O 16. Rfe1 Rfe8 17. h3 Rac8 18. Be3 a6 19. a4 Qc7 20. Nd2 Nd7 21. a5
e5 22. dxe6 Rxe6 23. Red1 Nc5 24. Qc2 Qc6 25. Nf3 Qe4 26. Qxe4 Nxe4 27. Ra4 Rd8
28. Rc4 Re7 29. Kf1 h6 30. Bd4 d5 31. Bxg7 Kxg7 32. Rcd4 Nf6 33. c4 Red7 34.
Ne5 Rc7 35. cxd5 Rc5 36. Nc4 Rcxd5 37. Rxd5 Rxd5 38. Rxd5 Nxd5 39. Ke2 Kf6 40.
Nd6 b6 41. axb6 Nxb6 42. Ne4+ Ke5 43. Nc5 a5 44. Kd3 Kd5 45. Nb3 a4 46. Nd2 f5
47. g3 Kc5 1/2-1/2

[Event "18th 4NCL Congress"]
[Site "Doncaster"]
[Date "2018.04.14"]
[Round "3"]
[Board "11"]
[White "Whitehead, Mark A"]
[Black "Desmedt, Richard E"]
[Result "1-0"]
[WhiteElo "1898"]
[BlackElo "1752"]
[PlyCount "63"]
[EventDate "2018.04.13"]
[EventRounds "5"]
[EventCountry "ENG"]

1. e4 d5 2. Nc3 dxe4 3. Nxe4 Nd7 4. d4 Ngf6 5. Ng3 e5 6. dxe5 Nxe5 7. Qxd8+
Kxd8 8. Bg5 Be7 9. O-O-O+ Bd7 10. f3 h6 11. Bf4 Bd6 12. Nf5 Bxf5 13. Bxe5 Ke7
14. Bxd6+ cxd6 15. Bd3 Bxd3 16. Rxd3 Rhe8 17. Ne2 Kf8 18. Nc3 Rad8 19. Rhd1 Re6
20. Nb5 d5 21. Nd4 Red6 22. g4 a6 23. h4 g5 24. h5 R6d7 25. Nf5 Ng8 26. c4 Rc7
27. Rxd5 Rxc4+ 28. Kb1 Rxd5 29. Rxd5 Rc8 30. Rd7 Rb8 31. Nd6 Nf6 32. Rxf7+ 1-0

[Event "18th 4NCL Congress"]
[Site "Doncaster"]
[Date "2018.04.14"]
[Round "3"]
[Board "12"]
[White "Almazedi, Firas"]
[Black "Bielby, Paul R"]
[Result "0-1"]
[WhiteElo "1834"]
[BlackElo "1890"]
[PlyCount "100"]
[EventDate "2018.04.13"]
[EventRounds "5"]
[EventCountry "ENG"]

1. c4 Nf6 2. g3 c5 3. Bg2 d5 4. cxd5 Nxd5 5. Nc3 Nxc3 6. bxc3 e5 7. Rb1 Qc7 8.
d3 Bd6 9. Nf3 O-O 10. O-O Nc6 11. Qc2 Rb8 12. Ng5 h6 13. Ne4 Be7 14. a4 b6 15.
f4 f5 16. Nf2 Bf6 17. fxe5 Nxe5 18. Bf4 g5 19. Bd2 Kg7 20. e4 Qd6 21. exf5 Bxf5
22. Ne4 Qd7 23. Rbd1 Bg4 24. Nxf6 Rxf6 25. Bc1 Bxd1 26. Rxd1 Rd8 27. d4 Nf3+
28. Kh1 cxd4 29. cxd4 Nxd4 30. Qc4 Rd6 31. Bb2 h5 32. h3 Kh6 33. h4 Ne6 34.
hxg5+ Nxg5 35. Rxd6+ Qxd6 36. Qc3 Qe7 37. Kh2 Rg8 38. Bc1 Qe6 39. Qd3 Rf8 40.
Qd2 Qe5 41. Bb2 Qf5 42. Qd6+ Kh7 43. Bc1 Rf7 44. Bf4 h4 45. Bxg5 Qxg5 46. Be4+
Kg7 47. Qd4+ Qf6 48. Qd5 Qf2+ 49. Kh1 Qe1+ 50. Kh2 Qxg3+ 0-1

[Event "18th 4NCL Congress"]
[Site "Doncaster"]
[Date "2018.04.14"]
[Round "3"]
[Board "13"]
[White "Bagley, Andy J"]
[Black "Procter, Colin S"]
[Result "1/2-1/2"]
[WhiteElo "1877"]
[BlackElo "1764"]
[PlyCount "58"]
[EventDate "2018.04.13"]
[EventRounds "5"]
[EventCountry "ENG"]

1. d4 d5 2. c4 e6 3. Nc3 Nf6 4. cxd5 exd5 5. Bg5 Be7 6. Qc2 h6 7. Bh4 c6 8. e3
Be6 9. Bd3 Nh5 10. Bxe7 Qxe7 11. Nf3 Nd7 12. O-O O-O 13. Qe2 Nhf6 14. Nd2 Rfe8
15. Rfe1 Nb6 16. Nb3 Ne4 17. f3 Nxc3 18. bxc3 Nd7 19. e4 dxe4 20. fxe4 Qg5 21.
Kh1 c5 22. Bb5 Bg4 23. Qf2 cxd4 24. Bxd7 Bxd7 25. cxd4 b6 26. Rf1 f6 27. Qf3
Bg4 28. Qd3 Rac8 29. Rac1 Qg6 1/2-1/2

[Event "18th 4NCL Congress"]
[Site "Doncaster"]
[Date "2018.04.14"]
[Round "3"]
[Board "14"]
[White "Potter, Steven"]
[Black "Wilson, Kevin J"]
[Result "0-1"]
[WhiteElo "1809"]
[BlackElo "1848"]
[PlyCount "86"]
[EventDate "2018.04.13"]
[EventRounds "5"]
[EventCountry "ENG"]

1. d4 d5 2. Bg5 Nd7 3. e3 Ngf6 4. Nd2 e6 5. Bd3 Be7 6. f4 b6 7. Qe2 Bb7 8. Ngf3
Ne4 9. Bxe7 Qxe7 10. O-O f5 11. Ne5 O-O 12. Ndf3 Ndf6 13. Ba6 c5 14. Bxb7 Qxb7
15. dxc5 Nxc5 16. Nd4 Rfe8 17. Rad1 Rac8 18. c3 Nfe4 19. Ndf3 b5 20. Nd2 Nxd2
21. Rxd2 a5 22. a3 Ne4 23. Rd4 Nd6 24. Rf3 Nc4 25. Nd3 Re7 26. Rh3 a4 27. Qh5
g6 28. Qh6 e5 29. fxe5 Nxe5 30. Nxe5 Rxe5 31. Rg3 Rc4 32. Qh4 Rxd4 33. Qd8+ Kg7
34. cxd4 Qe7 35. Qxe7+ Rxe7 36. Kf2 Rc7 37. Kf3 Kf6 38. h4 Rc2 39. h5 g5 40. h6
g4+ 41. Kf4 Rf2+ 42. Rf3 gxf3 43. gxf3 Rxb2 0-1

[Event "18th 4NCL Congress"]
[Site "Doncaster"]
[Date "2018.04.14"]
[Round "3"]
[Board "15"]
[White "Burns, Martin J"]
[Black "Taylor, Robert P"]
[Result "1-0"]
[WhiteElo "1901"]
[BlackElo "1787"]
[PlyCount "95"]
[EventDate "2018.04.13"]
[EventRounds "5"]
[EventCountry "ENG"]

1. e4 Nc6 2. d4 d5 3. e5 Bf5 4. Nf3 f6 5. Bd3 Bg4 6. h3 Bh5 7. g4 Bf7 8. Nc3
fxe5 9. dxe5 e6 10. Bf4 Bb4 11. O-O Nge7 12. Bg3 Qd7 13. Ne2 O-O 14. Ned4 Nxd4
15. Nxd4 c5 16. Nf3 c4 17. Bxc4 Rac8 18. Bd3 Qc6 19. Nd4 Qb6 20. Nb3 Ng6 21.
Kg2 Be7 22. Qd2 Nh4+ 23. Bxh4 Bxh4 24. Qa5 Qc6 25. Nd4 Qd7 26. Qd2 Qe7 27. Nf3
Be8 28. Nxh4 Qxh4 29. f3 Bc6 30. Qf2 Qg5 31. f4 Qe7 32. Qd4 Qh4 33. Rae1 Rf7
34. Re2 Rcf8 35. Ref2 g5 36. f5 exf5 37. Bxf5 Qh6 38. e6 Rf6 39. Bxh7+ Kg7 40.
Rxf6 Rxf6 41. Bf5 Bb5 42. Rf3 Be8 43. Ra3 a6 44. Re3 Bc6 45. e7 Kf7 46. Kh2 Qh4
47. Re2 Rh6 48. Qxd5+ 1-0

[Event "18th 4NCL Congress"]
[Site "Doncaster"]
[Date "2018.04.14"]
[Round "3"]
[Board "16"]
[White "Slinger, Aj (Tony)"]
[Black "Oliver, Bruce R"]
[Result "1-0"]
[WhiteElo "1869"]
[BlackElo "1584"]
[PlyCount "59"]
[EventDate "2018.04.13"]
[EventRounds "5"]
[EventCountry "ENG"]

1. e4 g6 2. d4 Bg7 3. c4 c5 4. Nf3 cxd4 5. Nxd4 Qb6 6. Nb3 Nc6 7. Nc3 Bxc3+ 8.
bxc3 Nf6 9. c5 Qc7 10. f3 O-O 11. Be3 Rd8 12. Qc1 d5 13. cxd6 Qxd6 14. Be2 b6
15. O-O Qd7 16. Rd1 Qe8 17. Rxd8 Qxd8 18. Qb2 Bb7 19. Nc5 Qc7 20. Nxb7 Qxb7 21.
Rd1 Qc7 22. c4 Qe5 23. Qxe5 Nxe5 24. c5 Rc8 25. Ba6 Rc7 26. cxb6 axb6 27. a4
Rd7 28. Rxd7 Nfxd7 29. Bb5 Nc5 30. a5 1-0

[Event "18th 4NCL Congress"]
[Site "Doncaster"]
[Date "2018.04.14"]
[Round "3"]
[Board "17"]
[White "Holi, Siefaldin A"]
[Black "Bowman, Richard L"]
[Result "1-0"]
[WhiteElo "1747"]
[BlackElo "1802"]
[PlyCount "69"]
[EventDate "2018.04.13"]
[EventRounds "5"]
[EventCountry "ENG"]

1. e4 d6 2. Nf3 Nd7 3. Bc4 e5 4. Nc3 h6 5. O-O Ngf6 6. d4 c6 7. dxe5 dxe5 8.
Be3 Qc7 9. h3 g5 10. Bxg5 hxg5 11. Nxg5 Nb6 12. Bxf7+ Ke7 13. f4 Bd7 14. Qf3
Bg7 15. Rad1 Raf8 16. Bg6 Nc4 17. b3 Qb6+ 18. Rf2 Ne3 19. Rd3 Neg4 20. hxg4
Bxg4 21. Qg3 exf4 22. Qxf4 Ne8 23. Nf7 Be6 24. Na4 Qa5 25. Rfd2 Be5 26. Qg5+
Nf6 27. Nxe5 Qc7 28. Rd7+ Bxd7 29. Rxd7+ Qxd7 30. Nxd7 Kxd7 31. Nc5+ Kc8 32.
Bf5+ Kb8 33. e5 Rhg8 34. Qh6 Rh8 35. Qg7 1-0

[Event "18th 4NCL Congress"]
[Site "Doncaster"]
[Date "2018.04.14"]
[Round "3"]
[Board "18"]
[White "Dunkley, Michael"]
[Black "Mahoney, Nicholas"]
[Result "1/2-1/2"]
[WhiteElo "1713"]
[BlackElo "1707"]
[PlyCount "74"]
[EventDate "2018.04.13"]
[EventRounds "5"]
[EventCountry "ENG"]

1. e4 e5 2. Bc4 Nc6 3. Nf3 Bc5 4. c3 Nf6 5. d4 exd4 6. cxd4 Bb4+ 7. Bd2 Bxd2+
8. Nbxd2 O-O 9. d5 Ne7 10. O-O d6 11. h3 Ng6 12. Nd4 Ne5 13. Re1 Nxc4 14. Nxc4
Re8 15. Qf3 Nd7 16. Rad1 Ne5 17. Nxe5 dxe5 18. Nb3 Qd6 19. Qc3 Bd7 20. Nc5 Rab8
21. Rc1 c6 22. Nxd7 Qxd7 23. dxc6 Qxc6 24. Qxc6 bxc6 25. b3 Rb6 26. Red1 Ra6
27. Rc2 Kf8 28. Kf1 f6 29. Ke2 Ke7 30. Rcd2 Kf7 31. Kd3 Rd8+ 32. Kc4 Rxd2 33.
Rxd2 Ke7 34. Kc5 Rb6 35. Rd3 g6 36. a4 h5 37. b4 Rb8 1/2-1/2